| 000 | 00423nam a2200157Ia 4500 | ||
|---|---|---|---|
| 001 | 62573 | ||
| 008 | 080101n2015 ii |||gr||||Z||||||465 | ||
| 082 | _a303 | ||
| 100 |
_aMishra, Dayanidhi , _eEditor. |
||
| 245 | 0 |
_aItihas parampara aur aadhunikta _cby Dayanidhi Mishra _hTextual Documents |
|
| 260 |
_aGauhati _bBani Prakashan _c2015 |
||
| 300 |
_a147p: _c19cm. |
||
| 653 | _aG-hindi | ||
| 653 | _aItihas | ||
| 942 |
_2ddc _cBK |
||
| 999 |
_c63680 _d63680 |
||